| 000 -LEADER |
| fixed length control field |
00731nam a2200217Ia 4500 |
| 001 - CONTROL NUMBER |
| control field |
5891 |
| 003 - CONTROL NUMBER IDENTIFIER |
| control field |
GE_BSU |
| 008 - FIXED-LENGTH DATA ELEMENTS--GENERAL INFORMATION |
| fixed length control field |
181216s||||||||xx |||||||||||||| ||und|| |
| 040 ## - CATALOGING SOURCE |
| Transcribing agency |
GE_BSU |
| 080 ## - UNIVERSAL DECIMAL CLASSIFICATION NUMBER |
| Universal Decimal Classification number |
531.8(075.32) |
| 100 ## - MAIN ENTRY--PERSONAL NAME |
| Personal name |
Вагреев,В.В. Винокуров,А.И. Кисилев,В.А. и др. |
| 245 ## - TITLE STATEMENT |
| Title |
Сборник задач по технической механике. |
| 245 ## - TITLE STATEMENT |
| Statement of responsibility, etc. |
Научн. ред. Г.М.Ицкович. |
| 250 ## - EDITION STATEMENT |
| Edition statement |
Изд. второе, перераб. |
| 260 ## - PUBLICATION, DISTRIBUTION, ETC. |
| Place of publication, distribution, etc. |
Л. |
| 260 ## - PUBLICATION, DISTRIBUTION, ETC. |
| Name of publisher, distributor, etc. |
Судостроение. |
| 260 ## - PUBLICATION, DISTRIBUTION, ETC. |
| Date of publication, distribution, etc. |
1968. |
| 300 ## - PHYSICAL DESCRIPTION |
| Extent |
543 стр. с илл. 22 см. |
| 653 ## - INDEX TERM--UNCONTROLLED |
| Uncontrolled term |
Сборник задач по технической механике. |
| 942 ## - ADDED ENTRY ELEMENTS (KOHA) |
| Koha item type |
წიგნი |